| 000 | 00542cam a22001811i 4500 | ||
|---|---|---|---|
| 001 | 000018299 | ||
| 005 | 20200929165437.0 | ||
| 008 | 770331s1964 fr 000 1 fre | ||
| 040 |
_aDO-SdBNP _bspa _cBNPHU |
||
| 082 |
_a843.914 _bC617c |
||
| 100 | 1 |
_aClavel, Bernard, _d1923- _939623 |
|
| 245 | 1 | 3 |
_aLe cceur des vivants : _broman. / _cBernard Clavel. |
| 260 |
_aParĂs : _bRobert Laffont, _c1964. |
||
| 300 |
_a336 p. ; _c20 cm. |
||
| 490 | 1 |
_aLa grande patience ; _v3 |
|
| 650 | 4 |
_aNovela francesa _91075 |
|
| 650 | 4 |
_aLiteratura francesa _91074 |
|
| 999 |
_c17820 _d17820 |
||